Países por monumentos - Estadísticas

Estadísticas generales
  • Esta prueba ha sido intentada 260 veces
  • La puntuación promedio es 15 de 16
Estadísticas de respuestas
Imagen Respuesta % Correcto
China
100%
Estados unidos
100%
Francia
100%
India
100%
Italia
100%
Brasil
99%
España
99%
Egipto
98%
Rusia
96%
Mexico
95%
Reino unido
94%
Australia
93%
Grecia
92%
Perú
89%
Emiratos árabes unidos
83%
Jordania
80%
No se encontraron pruebas coincidentes
Distribución de puntuación
Porcentaje de gente con cada puntuación
Porcentaje por número respondido
Historial de tus puntuaciones
No has intentado esta prueba.